[Event "Titled Tuesday intern op 04th Jun Late"]
[Site "Chess.com INT"]
[Date "2024.06.04"]
[Round "4"]
[White "Dev, Shah"]
[Black "Lenoir Ibacache, Gabriel Alberto"]
[Result "1-0"]
[WhiteElo "2334"]
[BlackElo "2228"]
[PlyCount "89"]
[EventDate "2024.06.04"]
[EventType "swiss (blitz)"]
[EventRounds "11"]
[EventCountry "USA"]
[SourceTitle "EXT 2025"]
[Source "ChessBase"]
[SourceDate "2024.10.14"]
[SourceVersion "1"]
[SourceVersionDate "2024.10.14"]
[SourceQuality "1"]

1. d4 d5 2. c4 e6 3. Nc3 Nf6 4. cxd5 exd5 5. Bg5 c6 6. e3 Be7 7. Bd3 h6 8. Bh4 0-0 9. Qc2 Re8 10. Nge2 Ne4 11. Bxe7 Qxe7 12. 0-0 Nd7 13. Rae1 Qg5 14. Nxe4 dxe4 15. Bxe4 Nf6 16. Bf3 Be6 17. Nf4 Bg4 18. Bxg4 Nxg4 19. h3 Nf6 20. Qb3 Rab8 21. Ne2 Re6 22. Nf4 Ree8 23. Rc1 Ne4 24. Rfd1 Qh4 25. Qc2 g5 26. Nd3 Rbd8 27. Ne5 Kg7 28. Re1 Nd6 29. b4 Qh5 30. a4 f6 31. Nf3 a6 32. Qc5 Qg6 33. Qb6 g4 34. hxg4 Qxg4 35. Red1 Kf7 36. d5 Rg8 37. Ne1 Nf5 38. Qc7+ Kg6 39. Nd3 Rxd5 40. Nf4+ Kg5 41. Nxd5 cxd5 42. Rxd5 h5 43. Rcc5 Kh6 44. Qf4+ Rg5 45. Qxg4 1-0

[Event "Titled Tuesday intern op 04th Jun Late"]
[Site "Chess.com INT"]
[Date "2024.06.04"]
[Round "2"]
[White "Dev, Shah"]
[Black "Vakhidov, Jahongir"]
[Result "1-0"]
[WhiteElo "2334"]
[BlackElo "2580"]
[PlyCount "181"]
[EventDate "2024.06.04"]
[EventType "swiss (blitz)"]
[EventRounds "11"]
[EventCountry "USA"]
[SourceTitle "EXT 2025"]
[Source "ChessBase"]
[SourceDate "2024.10.14"]
[SourceVersion "1"]
[SourceVersionDate "2024.10.14"]
[SourceQuality "1"]

1. d4 Nf6 2. c4 d6 3. g3 g6 4. Nf3 Bg7 5. Bg2 c5 6. 0-0 0-0 7. Nc3 Nc6 8. b3 Bg4 9. d5 Na5 10. Bb2 a6 11. a4 Bxf3 12. Bxf3 Qb6 13. Ra3 Nd7 14. Qc2 Qd8 15. Bg2 Rb8 16. Qb1 b6 17. Qa1 Re8 18. Nd1 Bxb2 19. Nxb2 Nf8 20. Nd3 e5 21. dxe6 Nxe6 22. e3 Qc7 23. Qc3 Nc6 24. Ra2 Red8 25. Rd2 b5 26. axb5 axb5 27. cxb5 Rxb5 28. Rfd1 Rdb8 29. Nc1 Rd8 30. Qf6 Rb6 31. Bh3 Qe7 32. Qc3 Ne5 33. Bg2 Qf6 34. Kh1 Ng4 35. Qxf6 Nxf6 36. h3 Kf8 37. Kg1 Ke7 38. Rd3 h5 39. Ne2 Rdb8 40. Nf4 Nxf4 41. gxf4 Ne8 42. Bd5 Ra6 43. Bc4 Ra2 44. Kg2 Ra3 45. Kf3 Rb6 46. e4 Nc7 47. e5 d5 48. Bxd5 Nxd5 49. Rxd5 Raxb3+ 50. Kg2 R3b5 51. Rd7+ Kf8 52. Rc7 Rb7 53. Rc8+ Ke7 54. Rdd8 Ke6 55. Rd6+ Kf5 56. Rf6+ Ke4 57. e6 fxe6 58. Rxe6+ Kd3 59. Rxg6 c4 60. Rd6+ Kc3 61. Rdc6 Rb4 62. f5 Kb3 63. f6 Rf7 64. Kg3 Rb5 65. Kh4 Rf5 66. Rxc4 R7xf6 67. Rc3+ Kb4 68. R8c4+ Kb5 69. f4 Rxf4+ 70. Rxf4 Rxf4+ 71. Kxh5 Kb4 72. Rc8 Kb5 73. h4 Rf1 74. Kh6 Kb6 75. h5 Kb7 76. Rc2 Rg1 77. Kh7 Kb8 78. h6 Kb7 79. Kh8 Kb8 80. Rc6 Kb7 81. Rc2 Kb8 82. h7 Kb7 83. Rc4 Kb8 84. Rf4 Kc7 85. Rf8 Kd7 86. Rg8 Rf1 87. Kg7 Rg1+ 88. Kf6 Rf1+ 89. Ke5 Re1+ 90. Kd4 Rh1 91. h8Q 1-0

[Event "Titled Tuesday intern op 28th May Late"]
[Site "Chess.com INT"]
[Date "2024.05.28"]
[Round "1"]
[White "Barredo, Ruther"]
[Black "Dev, Shah"]
[Result "0-1"]
[WhiteElo "1816"]
[BlackElo "2334"]
[PlyCount "76"]
[EventDate "2024.05.28"]
[EventType "swiss (blitz)"]
[EventRounds "11"]
[EventCountry "USA"]
[SourceTitle "EXT 2025"]
[Source "ChessBase"]
[SourceDate "2024.10.14"]
[SourceVersion "1"]
[SourceVersionDate "2024.10.14"]
[SourceQuality "1"]

1. d4 d5 2. Nf3 Nf6 3. e3 c5 4. c3 e6 5. Nbd2 Nc6 6. Bd3 Bd6 7. 0-0 0-0 8. dxc5 Bxc5 9. e4 h6 10. Qe2 Qc7 11. a3 b6 12. b4 Bd6 13. Bb2 Ne5 14. Nxe5 Bxe5 15. Nf3 Bb7 16. exd5 Bxc3 17. Rac1 Nxd5 18. Qe4 g6 19. Qh4 Kh7 20. Ng5+ Kg7 21. Rxc3 Nxc3 22. Qd4+ e5 23. Qxc3 Qxc3 24. Bxc3 hxg5 25. Bxe5+ f6 26. Bg3 Rfd8 27. Bc4 Rac8 28. Be6 Rc3 29. a4 Rd4 30. b5 Rxa4 31. Rd1 Rd4 32. Ra1 Rcd3 33. Kf1 Rd1+ 34. Rxd1 Rxd1+ 35. Ke2 Rb1 36. Bd7 Bxg2 37. Bb8 Bf1+ 38. Ke3 Bxb5 0-1

[Event "Titled Tuesday intern op 28th May Late"]
[Site "Chess.com INT"]
[Date "2024.05.28"]
[Round "5"]
[White "Dev, Shah"]
[Black "Lymar, Vladislav"]
[Result "1-0"]
[WhiteElo "2334"]
[BlackElo "2174"]
[PlyCount "61"]
[EventDate "2024.05.28"]
[EventType "swiss (blitz)"]
[EventRounds "11"]
[EventCountry "USA"]
[SourceTitle "EXT 2025"]
[Source "ChessBase"]
[SourceDate "2024.10.14"]
[SourceVersion "1"]
[SourceVersionDate "2024.10.14"]
[SourceQuality "1"]

1. d4 d6 2. g3 Nf6 3. Bg2 Nbd7 4. Nf3 e5 5. 0-0 Be7 6. b3 0-0 7. Bb2 e4 8. Nfd2 d5 9. c4 c6 10. Nc3 e3 11. fxe3 Ng4 12. Rf3 Ndf6 13. h3 Nh6 14. Nf1 Bb4 15. Qd3 Re8 16. g4 Ne4 17. Ng3 f5 18. Nxf5 Nxf5 19. gxf5 Qg5 20. Raf1 Bxc3 21. Bxc3 Bd7 22. Be1 Rf8 23. cxd5 cxd5 24. Kh1 Bxf5 25. Qb5 Be6 26. Rxf8+ Rxf8 27. Rxf8+ Kxf8 28. Bxe4 Qxe3 29. Bb4+ Kf7 30. Qxb7+ Kf6 31. Qe7# 1-0

[Event "Titled Tuesday intern op 28th May Late"]
[Site "Chess.com INT"]
[Date "2024.05.28"]
[Round "7"]
[White "Dev, Shah"]
[Black "Tristan, Leonardo"]
[Result "1-0"]
[WhiteElo "2334"]
[BlackElo "2527"]
[PlyCount "87"]
[EventDate "2024.05.28"]
[EventType "swiss (blitz)"]
[EventRounds "11"]
[EventCountry "USA"]
[SourceTitle "EXT 2025"]
[Source "ChessBase"]
[SourceDate "2024.10.14"]
[SourceVersion "1"]
[SourceVersionDate "2024.10.14"]
[SourceQuality "1"]

1. d4 d5 2. c4 e6 3. g3 Nf6 4. Bg2 Be7 5. Nf3 0-0 6. 0-0 dxc4 7. Qa4 a6 8. Qxc4 b5 9. Qc2 Bb7 10. Bd2 Be4 11. Qc1 c6 12. a4 b4 13. Rd1 Nbd7 14. Bf4 Rc8 15. Nbd2 Bg6 16. Nc4 c5 17. Nfe5 Be4 18. Bxe4 Nxe4 19. dxc5 Nexc5 20. Nxd7 Nxd7 21. b3 Qe8 22. a5 Nf6 23. Qd2 Qb5 24. Bd6 Rfd8 25. Qe1 Bf8 26. Bxf8 Rxd1 27. Rxd1 Rxf8 28. Rd6 Nd5 29. e4 Nc3 30. Qe3 Rc8 31. Rb6 Qh5 32. Rxa6 Qd1+ 33. Kg2 Ne2 34. Rd6 Qg1+ 35. Kf3 Nc3 36. h4 Qh1+ 37. Kf4 h6 38. a6 g5+ 39. hxg5 hxg5+ 40. Kxg5 Kg7 41. Qd4+ Kh7 42. Qf6 Rg8+ 43. Kf4 Qc1+ 44. Nd2 1-0

[Event "Titled Tuesday intern op 28th May Late"]
[Site "Chess.com INT"]
[Date "2024.05.28"]
[Round "6"]
[White "Grahn, Vidar"]
[Black "Dev, Shah"]
[Result "0-1"]
[WhiteElo "2273"]
[BlackElo "2334"]
[PlyCount "104"]
[EventDate "2024.05.28"]
[EventType "swiss (blitz)"]
[EventRounds "11"]
[EventCountry "USA"]
[SourceTitle "EXT 2025"]
[Source "ChessBase"]
[SourceDate "2024.10.14"]
[SourceVersion "1"]
[SourceVersionDate "2024.10.14"]
[SourceQuality "1"]

1. e4 e5 2. Nf3 Nc6 3. Bb5 a6 4. Ba4 Nf6 5. 0-0 b5 6. Bb3 Bc5 7. c3 d6 8. d4 Bb6 9. a4 Rb8 10. axb5 axb5 11. Na3 0-0 12. Nxb5 Bg4 13. h3 Bxf3 14. gxf3 Nh5 15. f4 Nxf4 16. Bxf4 exf4 17. Qg4 Ne7 18. Bc2 c5 19. e5 dxe5 20. dxe5 Ng6 21. Rad1 Qe8 22. Bxg6 hxg6 23. Qe2 f3 24. Qd3 Qxe5 25. Qxf3 Ba5 26. Rd5 Qe7 27. Nd6 Rxb2 28. Nc4 Ra2 29. Rfd1 Bc7 30. Ne3 Rd8 31. Rxd8+ Bxd8 32. Qd5 Qg5+ 33. Qxg5 Bxg5 34. Rd5 Bh4 35. Ng4 f5 36. Ne5 Bxf2+ 37. Kf1 Kh7 38. Nf3 Be3 39. Ke1 Kh6 40. Rd8 g5 41. Ne5 g6 42. Rd7 Bf4 43. Nf7+ Kh5 44. Nxg5 Kxg5 45. Rd3 Rg2 46. Rf3 Rg3 47. Rf2 Rxh3 48. Rg2+ Rg3 49. Rf2 Rxc3 50. Ke2 Rc2+ 51. Kf1 Rxf2+ 52. Kxf2 c4 0-1

[Event "Titled Tuesday intern op 07th May Late"]
[Site "Chess.com INT"]
[Date "2024.05.07"]
[Round "1"]
[White "Kovacevic, Radmila"]
[Black "Dev, Shah"]
[Result "0-1"]
[WhiteElo "2041"]
[BlackElo "2334"]
[PlyCount "66"]
[EventDate "2024.05.07"]
[EventType "swiss (blitz)"]
[EventRounds "11"]
[EventCountry "USA"]
[SourceTitle "EXT 2025"]
[Source "ChessBase"]
[SourceDate "2024.10.14"]
[SourceVersion "1"]
[SourceVersionDate "2024.10.14"]
[SourceQuality "1"]

1. e4 e5 2. d4 exd4 3. Qxd4 Nc6 4. Qe3 Nf6 5. Bd2 d6 6. Nc3 Be6 7. 0-0-0 Qd7 8. f4 Qe7 9. Bb5 Bd7 10. Nf3 a6 11. Bxc6 Bxc6 12. Rhe1 Qd7 13. h3 Be7 14. e5 Ng8 15. exd6 cxd6 16. Nd4 0-0-0 17. Nxc6 Qxc6 18. Qa7 d5 19. Be3 Nf6 20. Bd4 Bd6 21. Bxf6 Bxf4+ 22. Kb1 gxf6 23. Re7 Bb8 24. Qf2 Bd6 25. Rxf7 Be5 26. Qa7 Bb8 27. Qd4 Be5 28. Qa7 Bb8 29. Qa8 d4 30. Ne4 Qxe4 31. a3 Rhf8 32. Rg7 Rd7 33. Rg4 Qc6 0-1

[Event "Titled Tuesday intern op 30th Apr Early"]
[Site "Chess.com INT"]
[Date "2024.04.30"]
[Round "3"]
[White "Barwinska, Ewa"]
[Black "Dev, Shah"]
[Result "0-1"]
[WhiteElo "2106"]
[BlackElo "2334"]
[PlyCount "160"]
[EventDate "2024.04.30"]
[EventType "swiss (blitz)"]
[EventRounds "11"]
[EventCountry "USA"]
[SourceTitle "CBM 220 Extra"]
[Source "ChessBase"]
[SourceDate "2024.07.31"]
[SourceVersion "1"]
[SourceVersionDate "2024.07.31"]
[SourceQuality "1"]

1. Nf3 Nf6 2. b3 c5 3. Bb2 Nc6 4. d4 cxd4 5. Nxd4 g6 6. g3 Bg7 7. Bg2 0-0 8. 0-0 Qc7 9. e4 a6 10. c4 e5 11. Ne2 d6 12. Nbc3 Ne7 13. Qd2 Be6 14. Rad1 Rad8 15. f4 exf4 16. Nxf4 Bg4 17. Rde1 h6 18. h3 Bc8 19. Rd1 Kh7 20. Kh2 b6 21. Ba3 Ne8 22. Ncd5 Nxd5 23. Nxd5 Qb8 24. Rf3 b5 25. Rdf1 Be6 26. Nf4 Bc8 27. c5 Bb7 28. Qc2 dxc5 29. Bxc5 Rg8 30. h4 Nd6 31. Bxd6 Qxd6 32. h5 Rc8 33. Qb1 Rge8 34. hxg6+ fxg6 35. e5 Rxe5 36. Rd3 Qb6 37. Bxb7 Qxb7 38. Rd6 Rf5 39. Rxg6 Qf7 40. Rg4 Kg8 41. Nh5 Rxf1 42. Nxg7 Qxg7 43. Rxg7+ Kxg7 44. Qxf1 Rf8 45. Qh3 Rf6 46. Qg4+ Kf7 47. Qd7+ Kg6 48. Qb7 Kg5 49. Kh3 Kg6 50. Qe4+ Kg7 51. Qe7+ Kg6 52. Qe8+ Kg7 53. Qc8 Kg6 54. Qb7 Re6 55. g4 Re3+ 56. Kh4 Re6 57. Qd5 Rf6 58. Qh5+ Kg7 59. g5 hxg5+ 60. Qxg5+ Kf7 61. Qd5+ Re6 62. Kg4 Ke7 63. Kf4 Rd6 64. Qe5+ Kd7 65. Qg7+ Kc6 66. Ke4 Kb6 67. Qe5 Rd2 68. Qb8+ Kc6 69. Qc8+ Kb6 70. Qc3 Rxa2 71. b4 Rg2 72. Qf6+ Kb7 73. Qf7+ Kb6 74. Kd3 Rg3+ 75. Kc2 Rg2+ 76. Kd1 Rg1+ 77. Ke2 Rg2+ 78. Kf1 Rc2 79. Qg6+ Rc6 80. Qc2 Rxc2 0-1

[Event "Titled Tuesday intern op 30th Apr Early"]
[Site "Chess.com INT"]
[Date "2024.04.30"]
[Round "2"]
[White "Dev, Shah"]
[Black "Rakhmanov, Alexander"]
[Result "0-1"]
[WhiteElo "2334"]
[BlackElo "2614"]
[PlyCount "107"]
[EventDate "2024.04.30"]
[EventType "swiss (blitz)"]
[EventRounds "11"]
[EventCountry "USA"]
[SourceTitle "CBM 220 Extra"]
[Source "ChessBase"]
[SourceDate "2024.07.31"]
[SourceVersion "1"]
[SourceVersionDate "2024.07.31"]
[SourceQuality "1"]

1. d4 Nf6 2. c4 d6 3. g3 e5 4. dxe5 dxe5 5. Qxd8+ Kxd8 6. Nc3 Be6 7. Bg2 c6 8. b3 Nbd7 9. f4 a5 10. Nf3 Bb4 11. Bb2 Ne4 12. Rc1 exf4 13. gxf4 a4 14. Nd4 Nxc3 15. Bxc3 Bxc3+ 16. Rxc3 axb3 17. axb3 g6 18. Nxe6+ fxe6 19. 0-0 Kc7 20. Re3 Rhe8 21. Bh3 Ra2 22. Re1 Rb2 23. Rxe6 Rxe6 24. Bxe6 Rxb3 25. e4 Rf3 26. f5 Ne5 27. Kg2 Kd6 28. Rd1+ Kc7 29. Ra1 Re3 30. f6 Rf3 31. Rf1 Rxf1 32. Kxf1 Kd8 33. Bg8 h6 34. c5 Nd7 35. Bh7 g5 36. f7 Ke7 37. Bg6 Nxc5 38. Ke2 Nd7 39. Bh5 Ne5 40. Ke3 c5 41. h3 b6 42. Bg4 Nxf7 43. Kd3 Ne5+ 44. Kc3 Nxg4 45. hxg4 Ke6 46. Kc4 Ke5 47. Kb5 Kxe4 48. Kxb6 Kf4 49. Kxc5 Kxg4 50. Kd4 Kf3 51. Kd3 g4 52. Kd2 g3 53. Ke1 g2 54. Kd2 0-1

[Event "Titled Tuesday intern op 23rd Apr Late"]
[Site "Chess.com INT"]
[Date "2024.04.23"]
[Round "1"]
[White "Dev, Shah"]
[Black "Yoo, Christopher Woojin"]
[Result "0-1"]
[WhiteElo "2334"]
[BlackElo "2583"]
[PlyCount "54"]
[EventDate "2024.04.23"]
[EventType "swiss (blitz)"]
[EventRounds "11"]
[EventCountry "USA"]
[SourceTitle "CBM 219 Extra"]
[Source "ChessBase"]
[SourceDate "2024.05.31"]
[SourceVersion "1"]
[SourceVersionDate "2024.05.31"]
[SourceQuality "1"]

1. d4 Nf6 2. c4 e6 3. g3 c5 4. Nf3 cxd4 5. Nxd4 Nc6 6. Bg2 Qb6 7. Nf3 Bb4+ 8. Nbd2 0-0 9. 0-0 a5 10. Nb3 a4 11. Nbd4 Bc5 12. Nc2 d5 13. cxd5 Nxd5 14. Rb1 Nc3 15. bxc3 Qxb1 16. Ncd4 Rd8 17. Nd2 Qxa2 18. Nxc6 bxc6 19. Bxc6 Rb8 20. Qxa4 Rxd2 21. Bxd2 Qxd2 22. Bf3 Bd7 23. Qc4 Qg5 24. Rd1 Be8 25. Qa6 h6 26. h4 Qxg3+ 27. Kf1 Qxf2# 0-1

[Event "Titled Tuesday intern op 16th Apr Late"]
[Site "Chess.com INT"]
[Date "2024.04.16"]
[Round "5"]
[White "Dev, Shah"]
[Black "Bartholomew, John"]
[Result "0-1"]
[WhiteElo "2334"]
[BlackElo "2446"]
[PlyCount "74"]
[EventDate "2024.04.16"]
[EventType "swiss (blitz)"]
[EventRounds "11"]
[EventCountry "USA"]
[SourceTitle "CBM 219 Extra"]
[Source "ChessBase"]
[SourceDate "2024.05.31"]
[SourceVersion "1"]
[SourceVersionDate "2024.05.31"]
[SourceQuality "1"]

1. d4 d5 2. c4 c6 3. Nf3 Nf6 4. g3 dxc4 5. Bg2 Nbd7 6. 0-0 e6 7. a4 a5 8. Nbd2 b5 9. Qc2 Bb7 10. b3 cxb3 11. Nxb3 b4 12. Ne5 Nxe5 13. dxe5 Nd5 14. Bb2 Be7 15. Rfd1 Qc8 16. Bd4 c5 17. Bxc5 Nc3 18. Bxb7 Qxb7 19. Bxe7 Qxe7 20. Rd6 0-0 21. Qd3 Rfc8 22. Kg2 g6 23. Rd7 Qg5 24. Qf3 Qf5 25. Qb7 Qe4+ 26. Qxe4 Nxe4 27. Rad1 Nc3 28. Ra1 Nxe2 29. Rb7 Nc3 30. Nd4 Rc5 31. Nb5 Nxb5 32. axb5 a4 33. b6 a3 34. Rd1 a2 35. Rc7 Rxc7 36. bxc7 Kg7 37. Rc1 b3 0-1

[Event "Titled Tuesday intern op 16th Apr Late"]
[Site "Chess.com INT"]
[Date "2024.04.16"]
[Round "2"]
[White "Kuzmicz, Krystian"]
[Black "Dev, Shah"]
[Result "1/2-1/2"]
[WhiteElo "2471"]
[BlackElo "2334"]
[PlyCount "121"]
[EventDate "2024.04.16"]
[EventType "swiss (blitz)"]
[EventRounds "11"]
[EventCountry "USA"]
[SourceTitle "CBM 219 Extra"]
[Source "ChessBase"]
[SourceDate "2024.05.31"]
[SourceVersion "1"]
[SourceVersionDate "2024.05.31"]
[SourceQuality "1"]

1. e4 e5 2. Nf3 Nc6 3. Nc3 Nf6 4. a3 Be7 5. d4 exd4 6. Nxd4 Nxd4 7. Qxd4 d6 8. Bf4 Be6 9. f3 0-0 10. 0-0-0 Nd7 11. g4 Bg5 12. Qd2 Bxf4 13. Qxf4 Qf6 14. Qe3 Ne5 15. Be2 Ng6 16. Kb1 Qf4 17. Qg1 a6 18. h4 b5 19. h5 Ne5 20. Qh2 Qxh2 21. Rxh2 Bc4 22. Bxc4 bxc4 23. Rh3 Rfb8 24. Rg3 Rb7 25. f4 Nd7 26. Rd4 Rab8 27. Nd1 Nb6 28. Kc1 Kf8 29. Ne3 Na4 30. Nxc4 Nxb2 31. Nxb2 Rxb2 32. Rc3 R8b7 33. Rdc4 c5 34. e5 Rb1+ 35. Kd2 dxe5 36. fxe5 Rg1 37. Ke2 Ke7 38. Kf2 Rbb1 39. Rxc5 Rbf1+ 40. Ke2 Re1+ 41. Kd2 Rd1+ 42. Ke2 Rde1+ 43. Kf2 Ref1+ 44. Ke3 Rxg4 45. Rc7+ Ke6 46. R3c6+ Kxe5 47. Rc5+ Kf6 48. R7c6+ Ke7 49. Rxa6 Re1+ 50. Kf3 Rge4 51. Rc7+ Kf8 52. Ra8+ Re8 53. Rxe8+ Kxe8 54. a4 Re5 55. c4 Rxh5 56. Ke4 Ra5 57. c5 Kd8 58. Rxf7 Rxc5 59. Rxg7 Rc4+ 60. Kf5 Rxa4 61. Rxh7 1/2-1/2

[Event "Titled Tuesday intern op 09th Apr Late"]
[Site "Chess.com INT"]
[Date "2024.04.09"]
[Round "10"]
[White "Barria Zuniga, Daniel"]
[Black "Dev, Shah"]
[Result "1-0"]
[WhiteElo "2341"]
[BlackElo "2334"]
[PlyCount "79"]
[EventDate "2024.04.09"]
[EventType "swiss (blitz)"]
[EventRounds "11"]
[EventCountry "USA"]
[SourceTitle "EXT 2025"]
[Source "ChessBase"]
[SourceDate "2024.10.14"]
[SourceVersion "1"]
[SourceVersionDate "2024.10.14"]
[SourceQuality "1"]

1. d4 d5 2. c4 dxc4 3. Nf3 Nf6 4. e3 e6 5. Bxc4 c5 6. Nc3 a6 7. 0-0 Nc6 8. Qe2 cxd4 9. Rd1 Be7 10. exd4 0-0 11. d5 exd5 12. Nxd5 Nxd5 13. Bxd5 Qc7 14. Ng5 Nb4 15. Bb3 Bf5 16. Qf3 Bg6 17. Bf4 Qa5 18. h4 h6 19. Ne4 Bxh4 20. Nd6 Bf6 21. Nxb7 Qb6 22. Rd6 Qb5 23. Rad1 Rae8 24. Rxf6 gxf6 25. Bxh6 Qe5 26. Bxf8 Rxf8 27. a3 Be4 28. Qg4+ Kh8 29. Nd6 Bc2 30. Nxf7+ Rxf7 31. Rd8+ Kh7 32. Qg8+ Kh6 33. Qxf7 Qe1+ 34. Kh2 Qe5+ 35. g3 Bg6 36. Rh8+ Kg5 37. Rg8 Qf5 38. Qxg6+ Qxg6 39. Rxg6+ Kxg6 40. axb4 1-0

[Event "Titled Tuesday intern op 09th Apr Late"]
[Site "Chess.com INT"]
[Date "2024.04.09"]
[Round "8"]
[White "Dev, Shah"]
[Black "Kadric, Denis"]
[Result "0-1"]
[WhiteElo "2334"]
[BlackElo "2558"]
[PlyCount "80"]
[EventDate "2024.04.09"]
[EventType "swiss (blitz)"]
[EventRounds "11"]
[EventCountry "USA"]
[SourceTitle "EXT 2025"]
[Source "ChessBase"]
[SourceDate "2024.10.14"]
[SourceVersion "1"]
[SourceVersionDate "2024.10.14"]
[SourceQuality "1"]

1. d4 d6 2. g3 e5 3. dxe5 dxe5 4. Qxd8+ Kxd8 5. Nc3 c6 6. f4 Bb4 7. Bd2 Nd7 8. 0-0-0 Ne7 9. Nf3 exf4 10. gxf4 f6 11. e4 Ke8 12. a3 Ba5 13. e5 f5 14. b4 Bb6 15. Bc4 Nf8 16. Ng5 h6 17. Nf7 Rh7 18. Nd6+ Kd8 19. Na4 Kc7 20. Bc3 Be6 21. Nc5 Bxc5 22. bxc5 Bxc4 23. Nxc4 Nd5 24. Ba5+ b6 25. cxb6+ axb6 26. Bb4 Ne6 27. Nd6 g6 28. Nb5+ Kb7 29. Nd6+ Kb8 30. Rhg1 Nexf4 31. Kb2 Kc7 32. Bd2 Re7 33. Bxf4 Nxf4 34. Rdf1 Ra4 35. h4 Rxe5 36. h5 Kxd6 37. hxg6 Re8 38. g7 Rg8 39. Rd1+ Ke7 40. Kb3 Re4 0-1

[Event "Titled Tuesday intern op 09th Apr Late"]
[Site "Chess.com INT"]
[Date "2024.04.09"]
[Round "2"]
[White "Dev, Shah"]
[Black "Mikaelyan, Arman"]
[Result "0-1"]
[WhiteElo "2334"]
[BlackElo "2513"]
[PlyCount "148"]
[EventDate "2024.04.09"]
[EventType "swiss (blitz)"]
[EventRounds "11"]
[EventCountry "USA"]
[SourceTitle "EXT 2025"]
[Source "ChessBase"]
[SourceDate "2024.10.14"]
[SourceVersion "1"]
[SourceVersionDate "2024.10.14"]
[SourceQuality "1"]

1. d4 Nf6 2. c4 e6 3. Nf3 c5 4. d5 d6 5. dxe6 Bxe6 6. Nc3 Nc6 7. e3 Be7 8. Be2 0-0 9. 0-0 h6 10. b3 d5 11. cxd5 Nxd5 12. Nxd5 Bxd5 13. Bb2 Qd7 14. Bc4 Rad8 15. Qe2 Bxc4 16. Qxc4 Qe6 17. Qxe6 fxe6 18. Rfd1 Bf6 19. Bxf6 gxf6 20. Kf1 Kf7 21. Ke2 Ke7 22. Rac1 b6 23. a3 Rxd1 24. Kxd1 Rd8+ 25. Ke2 a5 26. Nd2 Ne5 27. Nc4 Nd7 28. Rb1 Rb8 29. a4 Kd8 30. Rd1 Kc7 31. f4 b5 32. axb5 Rxb5 33. Rd3 Nb6 34. Na3 Rb4 35. Nc2 Rb5 36. Na3 Rb4 37. Nc2 Re4 38. Rc3 Kd6 39. Rd3+ Nd5 40. Na3 Kc6 41. Nc4 Nxf4+ 42. Kf3 Rxc4 43. exf4 Rb4 44. Re3 Kd5 45. Rd3+ Rd4 46. Rc3 c4 47. bxc4+ Rxc4 48. Ra3 a4 49. Ke3 Rb4 50. g3 Rb3+ 51. Rxb3 axb3 52. Kd2 Ke4 53. Kc3 Kf3 54. Kxb3 Kg2 55. g4 Kxh2 56. Kc4 Kg3 57. f5 exf5 58. gxf5 Kf4 59. Kd3 Kxf5 60. Ke3 Ke5 61. Kf3 f5 62. Ke3 f4+ 63. Kf3 Kf5 64. Kf2 Ke4 65. Kg2 f3+ 66. Kf2 Kf4 67. Kf1 Ke3 68. Ke1 h5 69. Kf1 f2 70. Kg2 Ke2 71. Kh3 f1Q+ 72. Kh2 Qf8 73. Kg3 Qg7+ 74. Kh2 h4 0-1